000 00476nam a2200181Ia 4500
005 20250508162947.0
008 008 250505s9999 xx 000 0 eng d
037 _aTextual
040 _aFEDL
_beng
_cFEDL
041 _aeng
_2eng
084 _a193, MAG
_qFEDL
100 _aMagnus Bernd Ed.
245 0 _aNietzsche
260 _aCambridge
_bCambridge University Press
_c1996
300 _aix,403p.
942 _cTEXL
_h193, MAG
999 _c1379641
_d1379641